| 000 | 00552nam a2200181 a 4500 | ||
|---|---|---|---|
| 005 | 20140412111230.0 | ||
| 008 | 020410s19uu xx 00 eng d | ||
| 020 | _a1-85270-024-6 | ||
| 050 |
_aTR(GS 420.7 _bF52 1987 |
||
| 100 | _aFidge, Louis | ||
| 245 |
_awriting with monsters and surperspies, age 8-9 / _cby Louis Fidge; illustrated by Mark Hackett. |
||
| 260 |
_aLondon : _bOctopus Publishing Group, _c1987. |
||
| 300 | _a32 p. ; ill. | ||
| 440 | _aThe Parent and Child Programme | ||
| 650 | _aReading | ||
| 650 | _aWriting | ||
| 999 |
_c102160 _d102160 |
||